| 000 | 00765nam a22002177a 4500 | ||
|---|---|---|---|
| 005 | 20240214165131.0 | ||
| 010 | _aENG-139234 | ||
| 020 |
_c299.00 _a9788119847112 |
||
| 035 | _aEN-122766 | ||
| 037 | _bDBAD/PUB | ||
| 082 |
_a658.1 _21 |
||
| 100 |
_aJoy Simi _962077 |
||
| 245 |
_aIndian Cases in Organization Behaviour/ _cBy Simi Joy; Payal Anand and Priya Nair Rajeev |
||
| 250 | _a1 | ||
| 260 |
_aUttar Pradesh _bPearson India Education Pvt Ltd _c2024 |
||
| 270 |
_bUttar Pradesh _a15th FLoor, Tower-B, World Trade Tower, Plot No.1, Block- C, Sector-16, Noida _e201301 |
||
| 300 |
_a125p. _c23cm(pb) _bIndex |
||
| 700 |
_aAnand, Payal _eAuthor _962078 |
||
| 700 |
_a Rajeev, Priya Nair _eAuthor _962079 |
||
| 942 |
_2ddc _cEN _h658.1 _mJOY _e1 |
||
| 999 |
_c200741 _d200741 |
||